| 000 | 00753nam a2200229 a 4500 | ||
|---|---|---|---|
| 999 |
_c11938 _d11938 |
||
| 001 | 11938 | ||
| 003 | BD-JhCC | ||
| 005 | 20201205104638.0 | ||
| 008 | 201205b2018 bg a|||| ||a| 000 0 ben d | ||
| 020 | _a9789848018040 | ||
| 035 | _a(BD-JhCC)11938 | ||
| 040 |
_aBD-JhCC _dBD-JhCC |
||
| 041 | _aben | ||
| 082 |
_a940 _bKHA 2018 |
||
| 100 | _aখান, সাহাদত হোসেন | ||
| 245 |
_aসুলতান সোলেমান / _cসাহাদত হোসেন খান । |
||
| 260 |
_aঢাকা: _bআফসার ব্রাদার্স; _c২০১৮. |
||
| 300 |
_a255 p. : _bill; _c22 cm. |
||
| 650 |
_aTurkey _xSüleyman I, Sultan of the Turks, 1494 or 1495-1566 _zSultans |
||
| 942 |
_2ddc _cBK |
||